Sports Quiz

Random Sports or NFL Quiz

2011 NFL 1st Round Draft Picks Quiz Stats

 Plays Quiz not verified by Sporcle

Challenge
Share
Tweet
Embed
Score 0/32 Timer 12:00
0 Plays Today
2011 % Correct
Carolina Panthers/QBCam Newton
100%
Denver Broncos/OLBVon Miller
98.1%
Cincinnati Bengals/ WRA.J. Green
94.3%
Atlanta Falcons/WRJulio Jones
94.3%
Minnesota Vikings/QBChristian Ponder
94.3%
Tennessee Titans/QBJake Locker
92.5%
Jacksonville Jaguars/QBBlaine Gabbert
92.5%
Arizona Cardinals/CBPatrick Peterson
90.6%
San Francisco 49ers/OLB, DEAldon Smith
84.9%
Dallas Cowboys/TTyron Smith
84.9%
Baltimore Ravens/CBJimmy Smith
84.9%
Detroit Lions/DTNick Fairley
81.1%
New Orleans Saints/RBMark Ingram
79.2%
Buffalo Bills/DLMarcell Dareus
75.5%
Miami Dolphins/C,GMike Pouncey
73.6%
Washington Redskins/OLB,DERyan Kerrigan
67.9%
2011 % Correct
Houston Texans/DEJ.J. Watt
64.2%
Kansas City Chiefs/WRJon Baldwin
62.3%
New England Patriots/TNate Solder
60.4%
New York Giants/CBPrince Amukamara
54.7%
St. Louis Rams/DERobert Quinn
52.8%
New York Jets/DLMuhammad Wilkerson
50.9%
Pittsburgh Steelers/DECameron Heyward
45.3%
Chicago Bears/TGabe Carimi
43.4%
Cleveland Browns/DTPhil Taylor
39.6%
New Orleans Saints/DECameron Jordan
39.6%
San Diego Chargers/DLCorey Liuget
35.8%
Philadelphia Eagles/G,TDanny Watkins
35.8%
Indianapolis Colts/TAnthony Castonzo
34%
Tampa Bay Buccaneers/DEAdrian Clayborn
32.1%
Seattle Seahawks/TJames Carpenter
26.4%
Green Bay Packers/TDerek Sherrod
22.6%

You're not logged in!

Compare scores with friends on all Sporcle quizzes.
Join for Free
OR
Log In

You Might Also Like...

Show Comments

Extras

Top Quizzes Today


Score Distribution

Your Account Isn't Verified!

In order to create a playlist on Sporcle, you need to verify the email address you used during registration. Go to your Sporcle Settings to finish the process.

Report this User

Report this user for behavior that violates our Community Guidelines.

Details: